[Event "Zabrze Mayor's Cup 34th"]
[Site "Zabrze"]
[Date "2011.09.27"]
[Round "7"]
[White "Drela, Michal"]
[Black "Gora, Tomasz"]
[Result "1-0"]
[WhiteElo "1459"]
[BlackElo "1849"]
[PlyCount "96"]
[EventDate "2011.09.23"]
[EventType "swiss"]
[EventRounds "10"]
[EventCountry "POL"]
[SourceTitle "CBM 144 Extra"]
[Source "ChessBase"]
[SourceDate "2011.10.28"]
[SourceVersion "1"]
[SourceVersionDate "2011.10.28"]
[SourceQuality "1"]

1. e4 e6 2. d4 d5 3. exd5 exd5 4. Bd3 Bd6 5. Ne2 Ne7 6. Bf4 Bf5 7. c3 0-0 8. 0-0 Bxf4 9. Nxf4 Qd6 10. Ne2 Nd7 11. Bxf5 Nxf5 12. Qd3 Qg6 13. Nf4 Qg5 14. Nxd5 c6 15. Qxf5 Qxf5 16. Ne7+ Kh8 17. Nxf5 g6 18. Nd6 b5 19. Nd2 f5 20. Nb7 Rab8 21. Nc5 Rfd8 22. Nxd7 Rxd7 23. Nf3 b4 24. Ne5 Rc7 25. c4 a5 26. b3 Kg7 27. Rad1 f4 28. d5 cxd5 29. Rxd5 Ra8 30. Rfd1 a4 31. Rb5 axb3 32. axb3 Re7 33. Nf3 Ra2 34. Rxb4 Ree2 35. Rf1 h6 36. h4 Reb2 37. Rb6 Ra3 38. Nd4 g5 39. Re1 Ra7 40. hxg5 hxg5 41. Ne6+ Kf6 42. Nxf4+ Kf5 43. Nd3 Rd2 44. Re5+ Kg4 45. f3+ Kh5 46. Ne1 Rd1 47. Kh2 Rd2 48. Kh3 Rb2 1-0

[Event "Zabrze Region-ch"]
[Site "Zabrze"]
[Date "2010.12.08"]
[Round "7.5"]
[White "Czarnecki, Artur"]
[Black "Gora, Tomasz"]
[Result "1-0"]
[WhiteElo "1790"]
[BlackElo "1921"]
[PlyCount "101"]
[EventDate "2010.12.08"]
[EventType "swiss"]
[EventRounds "9"]
[EventCountry "POL"]
[SourceTitle "EXT 2023"]
[Source "ChessBase"]
[SourceDate "2022.10.05"]
[SourceVersion "1"]
[SourceVersionDate "2022.10.05"]
[SourceQuality "1"]

1. e4 e6 2. d4 d5 3. e5 c5 4. c3 Nc6 5. Nf3 Qb6 6. Be2 cxd4 7. cxd4 Bb4+ 8. Nc3 f6 9. 0-0 Bxc3 10. bxc3 f5 11. Ba3 Nge7 12. Rb1 Qa5 13. Qc1 0-0 14. Rb5 Qd8 15. Ng5 h6 16. Nh3 a6 17. Rb1 b5 18. Bd6 Bd7 19. Qd2 Rc8 20. Nf4 Na5 21. Bxe7 Qxe7 22. Ng6 Qa3 23. Nxf8 Kxf8 24. Rfc1 Nc4 25. Bxc4 Rxc4 26. Rb4 Rc8 27. Qb2 Qa5 28. Rb3 Qc7 29. Qa3+ Ke8 30. Qxa6 Qc4 31. h3 g5 32. Qd6 h5 33. Ra3 g4 34. Ra7 Rd8 35. hxg4 fxg4 36. Qb4 Qe2 37. Qb1 Qd2 38. Qg6+ Kf8 39. Rc2 Qd1+ 40. Kh2 Ke7 41. Rb2 Kf8 42. Qf6+ Ke8 43. Rxb5 h4 44. Qxh4 Qe2 45. Qh8+ Ke7 46. Qf6+ Ke8 47. Rbb7 g3+ 48. fxg3 Qd2 49. Qh8+ Ke7 50. Rxd7+ Rxd7 51. Qg7+ 1-0

[Event "Zabrze Region-ch"]
[Site "Zabrze"]
[Date "2010.12.08"]
[Round "8.6"]
[White "Janiszewski, Maciej"]
[Black "Gora, Tomasz"]
[Result "1/2-1/2"]
[WhiteElo "2045"]
[BlackElo "1921"]
[PlyCount "85"]
[EventDate "2010.12.08"]
[EventType "swiss"]
[EventRounds "9"]
[EventCountry "POL"]
[SourceTitle "EXT 2023"]
[Source "ChessBase"]
[SourceDate "2022.10.05"]
[SourceVersion "1"]
[SourceVersionDate "2022.10.05"]
[SourceQuality "1"]

1. d4 e6 2. c4 Nf6 3. Nc3 Bb4 4. Bg5 h6 5. Bxf6 Qxf6 6. e4 Nc6 7. Nf3 e5 8. d5 Ne7 9. Rc1 0-0 10. a3 Bxc3+ 11. Rxc3 d6 12. Be2 g5 13. Kd2 Qf4+ 14. Kc2 Qxe4+ 15. Bd3 Qf4 16. Nd2 Bf5 17. g3 Bxd3+ 18. Rxd3 Qf5 19. h4 g4 20. h5 b5 21. Rh4 bxc4 22. Qxg4+ Qxg4 23. Rxg4+ Kh7 24. Rxc4 Rfc8 25. g4 f5 26. f3 Rab8 27. a4 Kg7 28. Nf1 Kf6 29. Ne3 Rb7 30. b4 Rcb8 31. Kb3 a6 32. Rd1 Rc8 33. f4 Rb6 34. gxf5 c5 35. Ng4+ Kxf5 36. Nxh6+ Kf6 37. Ng4+ Kf5 38. fxe5 dxe5 39. Rf1+ Kg5 40. Nxe5 Nxd5 41. Rg4+ Kh6 42. Nf7+ Kh7 43. Rg3 1/2-1/2

[Event "Chorzow Bak Memorial op"]
[Site "Chorzow"]
[Date "2010.11.14"]
[Round "4"]
[White "Liszek, Krzysztof"]
[Black "Gora, Tomasz"]
[Result "0-1"]
[WhiteElo "2033"]
[BlackElo "1921"]
[PlyCount "54"]
[EventDate "2010.11.13"]
[EventType "swiss"]
[EventRounds "9"]
[EventCountry "POL"]
[SourceTitle "EXT 2012"]
[Source "ChessBase"]
[SourceDate "2011.11.24"]
[SourceVersion "1"]
[SourceVersionDate "2011.11.24"]
[SourceQuality "1"]

1. e4 e6 2. d4 d5 3. Nc3 Nf6 4. Bg5 Be7 5. e5 Nfd7 6. h4 Bxg5 7. hxg5 Qxg5 8. Nh3 Qe7 9. Nf4 Nc6 10. Bd3 Nxd4 11. Bxh7 Nf8 12. Qxd4 Rxh7 13. 0-0-0 Rxh1 14. Rxh1 c5 15. Qd2 Bd7 16. Nfxd5 exd5 17. Nxd5 Qd8 18. Rh8 Bc6 19. c4 Qd7 20. e6 fxe6 21. Qf4 0-0-0 22. Rxf8 exd5 23. Rf7 Qd6 24. Qxd6 Rxd6 25. Rxg7 dxc4 26. f3 Ba4 27. b3 cxb3 0-1